|
|
|
|
| LEADER |
00000cam a2200000 7i4500 |
| 001 |
0000002528 |
| 005 |
20151222.0 |
| 008 |
070712 |
| 020 |
|
|
|a 074062766X
|
| 090 |
0 |
0 |
|a JF
|b SPT ENG (3010)
|
| 100 |
1 |
|
|a McGough, Kate
|
| 245 |
1 |
0 |
|a Which wheels are best?
|c Kate McGough
|
| 260 |
|
|
|a Illinois :
|b ETA/Cuisenaire ,
|c 2001
|
| 500 |
|
|
|a Children ages 7-9 years old (orange)
|
| 650 |
|
0 |
|a Junior fiction
|x English
|x Languages
|
| 650 |
|
0 |
|a Sports
|
| 710 |
0 |
|
|a Title
|
| 999 |
|
|
|a 0000967039
|b Book
|c Children Collection
|e Cawangan Pontian
|
| 999 |
|
|
|a 0000967040
|b Book
|c Children Collection
|e Cawangan Bandar Tenggara
|
| 999 |
|
|
|a 0000987372
|b Book
|c Children Collection
|e Cawangan Pontian
|
| 999 |
|
|
|a 0000987373
|b Book
|c Children Collection
|e Perbadanan Perpustakaan Awam Johor
|
| 999 |
|
|
|a 0000987374
|b Book
|c Children Collection
|e Perbadanan Perpustakaan Awam Johor
|